Mladé horizonty literárna príloha Nového života

Bibliographic Details
Corporate Authors: Komunistická strana Slovenska. Krajský výbor Prešov, Komunistická strana Slovenska. Krajský výbor Košice, Duklianske tlačiarne, Tlačiarenské závody Pravda (Bratislava, Slovensko). Závod Košice
Other Authors: Bocák, Ján (Publishing director), Počta-Mikula, Jindřich (Publishing director)
Format: Journal
Language:Slovak
PhysicalDescription:3 roč.
Published: Prešov Krajský výbor KSS Prešov 1957
Prešov Košice Krajský výbor KSS Prešov Krajský výbor KSS Košice
Subjects:

MARC

LEADER 00000nas a22000001a 4500
001 vtls010301599
003 SK-MaSNL
005 20260228161611.0
008 110810d19571959xo u p r 0 b0slo
015 |a SNBDS17XX9999 
015 |a 0722  |2 Balúnová 1945-60 
038 |a SNKBUDS 
040 |a SNK  |b slo  |c SNK  |e AACR2 
041 0 |a slo 
044 |a xo  |c SK 
080 |a 82  |2 2001 
080 |a 316.7  |2 2001 
245 0 0 |a Mladé horizonty  |b literárna príloha Nového života 
260 |a Prešov  |b Krajský výbor KSS Prešov  |c 1957 
260 3 |3 1958-1959  |a Prešov  |a Košice  |b Krajský výbor KSS Prešov  |b Krajský výbor KSS Košice 
300 |a 3 roč. 
310 |a Periodicita sa nedá určiť 
362 0 |a Roč. I, č. 1 (2.10.1957)-č. 3 (apríl 1959) 
500 |a Zmena podnázvu: od 1/II (14. marca 1958) Literárna príloha Východoslovenských novín, od 1/I (27. febr. 1959) Kultúrno-literárna príloha Východoslovenských novín 
500 |a Vych. v Prešove, od 1958 v Košiciach a Prešove 
500 |a Hlav. red. Jindrich Počta-Mikula; od 23. júla 1958 Ján Bocák 
500 |a Vyd. Krajský výbor KSS v Prešove, od 1958 Krajský výbor KSS v Prešove a KV KSS v Košiciach 
500 |a Tlač. Dukelské tlačiarne, n.p. prev. 1, Prešov, od 1958 Pravda, vyd. ÚV KSS, záv. v Košiciach 
500 |a Vych. od 2. okt. 1957 (od č. 78 zákl. čas.) ako čiastočná náhrada neexistujúceho samostatného literárneho časopisu na vých. Slovensku pre začínajúcich literátov a umelcov. Ďalšie č. vyšli: 23. okt., 6. nov., 4. dec. a na Vianoce 1957. Pokračuje v r. 1958 ako príloha Východoslovenských novín, 1. č. 14. marca; 2. č. 27. júna 1958. V r. 1959 red. označila nový ročník tejto prílohy ako I. a mal aj osobitnú tiráž. Vyd. za spolupráce odboru školstva a kultúry rady KNV v Košiciach a Prešove. Riadi red. rada Východoslov. novín. Mala vych. vždy koncom mesiaca, vyšli iba 3 č., posledné v apr. 1959 
505 8 0 |g Roč. I. 1957 5 č. po 2 s. 
505 8 0 |g Roč. II. 1958 2 č. po 2 s. 
505 8 0 |g Roč. I.[III.] 1959 3 č. po 4 s. 
650 0 7 |a literatúra  |2 SNKPH  |9 1427 
650 0 7 |a kultúra  |2 SNKPH  |9 886 
655 7 |a literárne časopisy  |2 SNKBUDS  |9 125450 
655 7 |a kultúrne časopisy  |2 SNKBUDS  |9 268436 
700 1 |a Bocák, Ján  |4 pbd  |9 269016 
700 1 |a Počta-Mikula, Jindřich  |4 pbd  |9 269017 
710 2 |a Komunistická strana Slovenska.  |b Krajský výbor Prešov  |9 168359 
710 2 |a Komunistická strana Slovenska.  |b Krajský výbor Košice  |9 200148 
710 2 |a Duklianske tlačiarne  |9 181821 
710 2 |a Tlačiarenské závody Pravda (Bratislava, Slovensko).  |b Závod Košice  |9 268771 
772 0 |t Nový život 
772 0 |t Východoslovenské noviny 
852 |a SNK  |b 10000  |h ČSA 322 
852 |a SNK  |b 10000  |h ČSA 566 
852 |a UKB  |b 300000  |h SA 301 
852 |a UKB  |b 300000  |h 20 A 111 
852 |a UKB  |b 300000  |h SA 488 
852 |a SVKKK  |b 900000  |h E 93 
852 |a SVKKK  |b 900000  |h E 149 
999 |c 5791  |d 7721